Globalización de la enseñanza
Збережено в:
| Автор: | |
|---|---|
| Формат: | Книга |
| Мова: | Іспанська |
| Опубліковано: |
Ciudad de México
Fernández
1963
|
| Серія: | Ensayos pedagógicos
|
| Предмети: | |
| Теги: |
Додати тег
Немає тегів, Будьте першим, хто поставить тег для цього запису!
|
MARC
| LEADER | 00000nam a2200000 a 4500 | ||
|---|---|---|---|
| 001 | UCY8645 | ||
| 003 | CL-VaPUC | ||
| 008 | 950703e19631123MX |||||||||||||||||spa|d | ||
| 082 | 0 | 4 | |a 370.1 |b GON |2 21 |
| 100 | 0 | |a González Orellana, Carlos |e author |9 340228 | |
| 245 | 1 | 0 | |a Globalización de la enseñanza |
| 300 | |a 101 p | ||
| 942 | |c BK | ||
| 945 | |d 19950703 00:00:00 |a lriquelm | ||
| 260 | |a Ciudad de México |b Fernández |c 1963 | ||
| 650 | 0 | |a Filosofía de la educación |9 258384 | |
| 650 | 0 | |a Sociología de la educación |9 260380 | |
| 650 | 0 | |a Educación básica |9 224933 | |
| 650 | 0 | |a Teoría de la educación |9 309368 | |
| 583 | |a last modification |c 19950703 00:00:00 |k Rodrigo Vera | ||
| 490 | 0 | |a Ensayos pedagógicos | |
| 999 | |c 235873 |d 235871 | ||
| 952 | |0 0 |1 0 |4 0 |6 370_100000000000000_GON_1963 |7 0 |8 A |9 243562 |a BIBEDU |b BIBEDU |d 2019-11-18 |i 1527142 |o 370.1 GON 1963 |p 1527142 |r 2019-11-18 |w 2019-11-18 |y BK |k EDU | ||